| 000 | 01056cam a2200241 4500 | ||
|---|---|---|---|
| 001 | X118297 | ||
| 008 | 020402n2002 000 0 eng u | ||
| 035 | _a(Sirsi) u118297 | ||
| 245 | _aRJT Consulting Engineers Ltd v DM Engineering (Northern Ireland) Ltd | ||
| 260 | _c2002 | ||
| 490 |
_aConstruction Industry Law Letter _v[2002] CILL 1841-1844(4) |
||
| 490 |
_aConstruction Law Reports _v[2002] 83 Con LR 99-108(10) |
||
| 490 |
_aCourt of Appeal (Civil Division) _v[2002] EWCA Civ 270 |
||
| 520 | _aAmbit of HGCRA 1996 s107 - oral agreement - evidence in writing | ||
| 650 | _aORAL AGREEMENTS | ||
| 650 | _aMANAGEMENT-DISPUTE AVOIDANCE, MANAGEMENT AND RESOLUTION-DISPUTE MANAGEMENT AND RESOLUTION-ALTERNATIVE DISPUTE RESOLUTION-ADJUDICATION | ||
| 650 | _aBUILT ENVIRONMENT-BUILDING CONTRACT FORMS | ||
| 650 | _aHOUSING GRANTS CONSTRUCTION AND REGENERATION ACT 1996 | ||
| 650 | _aR J T CONSULTING ENGINEERS LTD V D M ENGINEERING (NI) LTD | ||
| 650 | _aWRITTEN EVIDENCE | ||
| 690 | _aBUILT ENVIRONMENT-BUILDING CONTRACT FORMS | ||
| 942 | _n0 | ||
| 999 |
_c70428 _d70428 |
||